নজরুলের রাষ্ট্রচিন্তা ও রাজনীতি / (Record no. 9751)
[ view plain ]
| 000 -LEADER | |
|---|---|
| fixed length control field | 00746nam a2200229 a 4500 |
| 001 - CONTROL NUMBER | |
| JCCL Control Number | 9751 |
| 003 - CONTROL NUMBER IDENTIFIER | |
| JCCL marc code | BD-JhCC |
| 005 - DATE AND TIME OF LATEST TRANSACTION | |
| control field | 20180324183041.0 |
| 008 - FIXED-LENGTH DATA ELEMENTS--GENERAL INFORMATION | |
| fixed length control field | 180324s1999 bg |||| ||a| 000 0 be d |
| 020 ## - INTERNATIONAL STANDARD BOOK NUMBER | |
| International Standard Book Number | 9845551920 |
| 035 ## - SYSTEM CONTROL NUMBER | |
| system control number | (BD-JhCC)9751 |
| 040 ## - CATALOGING SOURCE | |
| Original cataloging agency | BD-JhCC |
| Modifying agency | BD-JhCC |
| 041 ## - LANGUAGE CODE | |
| Language code of Book | ben |
| 082 ## - DEWEY DECIMAL CLASSIFICATION NUMBER | |
| Classification number | 323.8 |
| Author mark and Year | AUY 1999 |
| 100 ## - MAIN ENTRY--PERSONAL NAME | |
| Personal name | আউয়াল, আবু হেনা আবদুল |
| 245 ## - TITLE STATEMENT | |
| Title | নজরুলের রাষ্ট্রচিন্তা ও রাজনীতি / |
| Statement of responsibility, etc | আবু হেনা আবদুল আউয়াল |
| 260 ## - PUBLICATION, DISTRIBUTION, ETC. (IMPRINT) | |
| Place of publication, distribution, etc | ঢাকা: |
| Name of publisher, distributor, etc | নজরুল ইন্সটিটিউট; |
| Date of publication, distribution, etc | 1999. |
| 300 ## - PHYSICAL DESCRIPTION | |
| Pagination | 148 p. : |
| Dimensions | 21 cm. |
| 651 ## - SUBJECT ADDED ENTRY--GEOGRAPHIC NAME | |
| Geographic name | Politices |
| 942 ## - ADDED ENTRY ELEMENTS (KOHA) | |
| Source of classification or shelving scheme | Dewey Decimal Classification |
| Koha item type | Books |
| Source of classification or shelving scheme | Damaged status | Not for loan | Home library | Current library | Shelving location | Date of accession | Cost, normal purchase price | Total Checkouts | Full call number | Barcode | Date last seen | Copy number | Koha item type |
|---|---|---|---|---|---|---|---|---|---|---|---|---|---|
| Dewey Decimal Classification | JCC Rouf Library | JCC Rouf Library | General Stacks | 03/24/2018 | 80.00 | 323.8 AUY 1999 | 12330 | 03/24/2018 | C - 1 | Books |